01013nam a2200253 i 4500001000300000100002800003245019800031250004900229260004600278300002200324490001500346650004100361650006600402700002200468830003900490015001800529020001800547040000800565041000800573044000800581080003100589008004100620856009800661bg1 aJaśkowski, Kazimierz.10aKodeks pracy :bkomentarz : ustawy towarzyszące z orzecznictwem, europejskie prawo pracy z orzecznictwem.nT. 1 /cKazimierz Jaśkowski, Eliza Maniewska ; pod red. Kazimierza Jaśkowskiego. a6. wyd., stan prawny na 1 września 2007 r. aWarszawa :bWolters Kluwer Polska,c2007. a1008 s. ;c22 cm.1 aKomentarze 9aPrawo pracyzPolskaystan na 2007 r. 9aPrawo pracyxprawo wspólnotowe europejskieystan na 2007 r.1 aManiewska, Eliza. 0aKomentarze - Wolters Kluwer Polska aPB 25943/2007 a9788375264968 cBPK0 apol aPOL a349.2(438:4-67)(094.4.072)071129s2007 pl |001 0 pol  uhttp://koha.tu.koszalin.pl/cgi-bin/koha/opac-detail.pl?biblionumber=54675yKatalog online BPK